00493 2200193 4500001002100000005001500021008004100036020001800077035002500095041000800120082000800128090000800136100003000144245003900174250001600213260003100229300002900260650001000289INLIS00000000000819520130515200032 ind  a979-56-0032-X a0010-051300000008195 aind aFik aFik aNurfahmi Taufik, El-Sha'b aLelaki Paling Romantis Sedunia c.1 aCetakan : 1 aJakartabGema Insanic2005 a162 hlm. : ilus. ;18 cm. aFiksi